Assesor Karlchen (Record no. 6514)

MARC details
000 -CABECERA
campo de control de longitud fija 00554nam a2200193 a 4500
001 - NÚMERO DE CONTROL
campo de control BRCA_6831
005 - FECHA Y HORA DE LA ÚLTIMA TRANSACCIÓN
campo de control 20190320205617.0
008 - DATOS DE LONGITUD FIJA--INFORMACIÓN GENERAL
campo de control de longitud fija 081111s1905----gw-a######---#000-0#ger-#
050 #4 - SIGNATURA TOPOGRÁFICA DE LA BIBLIOTECA DEL CONGRESO
Número de clasificación PT2642
Número de documento/Ítem .H58 A77
-- 1905
245 10 - MENCIÓN DE TÍTULO
Título Assesor Karlchen
Resto del título und andere Geschichten
Mención de responsabilidad, etc. Ludwig Thoma.
260 ## - PUBLICACIÓN, DISTRIBUCIÓN, ETC.
Lugar de publicación, distribución, etc. Múnich, Alemania
Nombre del editor, distribuidor, etc. Albert Langen
Fecha de publicación, distribución, etc. [1905]
300 ## - DESCRIPCIÓN FÍSICA
Extensión 160 p.
Otras características físicas il.
Dimensiones 15 cm.
440 #0 - MENCIÓN DE SERIE/PUNTO DE ACCESO ADICIONAL--TÍTULO
Título Kleine Bibliothek Langen
Nombre de parte o sección de la obra 34
9 (RLIN) 17033
500 ## - NOTA GENERAL
Nota general O17
610 24 - PUNTO DE ACCESO ADICIONAL DE MATERIA--NOMBRE DE ENTIDAD CORPORATIVA
Nombre de entidad corporativa o nombre de jurisdicción como elemento de entrada Thoma, Ludwig
9 (RLIN) 17034
650 14 - PUNTO DE ACCESO ADICIONAL DE MATERIA--TÉRMINO DE MATERIA
Término de materia o nombre geográfico como elemento de entrada Literatura Alemana
9 (RLIN) 6160
902 ## - CATALOGADOR
Iniciales GFM
942 ## - ELEMENTOS DE PUNTO DE ACCESO ADICIONAL (KOHA)
Fuente del sistema de clasificación o colocación Library of Congress Classification
Tipo de ítem Koha Libros
Holdings
Estado de retiro Estado de pérdida Estado dañado No para préstamo Localización permanente Ubicación/localización actual Fecha de adquisición Número de inventario Total de préstamos Signatura topográfica completa Código de barras Fecha visto por última vez Precio válido a partir de Tipo de ítem Koha
El ejemplar forma parte de la colección y puede ser consultado según las políticas vigentes.       Biblioteca del Museo Franz Mayer (Rogerio Casas-Alatriste) Biblioteca del Museo Franz Mayer (Rogerio Casas-Alatriste) 08/11/2011 O17   PT2642 .H58 A77 1905 (O17) 7279 22/03/2019 22/03/2019 Libros